00555nam a22001817a 450000500170000001000140001702000270003103500130005803700130007108200160008410000170010024500760011726000430019327000450023630000270028150000500030870000150035820100731143832.0 aENG-97531 a9788184501995c1650.00 aEN-81064 bDBAD/PUB a307.1412072 aNakkiran, S. aResearch methods in rural development /cby S. Nakkiran [and] G. Ramesh aNew DelhibDeep & Deep Publisherc2009 aF-159, Rajouri GardenbNew Delhie110027 axiii, 347p.c24cm (Hb) aIncludes bibliographical references and index aRamesh, G.